000 00594nam a2200205Ia 4500
003 OSt
005 20220128102412.0
008 210716s2003 xx 000 0 und d
020 _a0070528020
040 _cAIMIT LIBRARY
041 _aeng
082 _a332
_24
_bCHAP
100 _aChandra, Prasanna.
_915014
245 _aFinance sense.
_bFinance for non-finance executives.
_cBy Prasanna Chandra.
250 _a4th ed.
260 _aNew Delhi:
_bTata McGraw Hill Publishing Company Ltd,
_c2003.
300 _axv,484p.
_c23cm.
650 _aFinance
_915015
942 _2ddc
_cBK
_e4
_k332 CHAP
999 _c205934
_d205934